00943nam a22001937a 450000500170000000800410001704000250005804100080008304400070009110000230009824501360012126000310025730000490028850400550033752001520039265000460054465000620059077300970065220150630142142.0150630b2006 ck ||||| |||| 00| 0 spa d aCO-BoIAVHcCO-BoIAVH aspa ack1 aDíaz, Verónica1 aBiología y comportamiento de la Cotorra Coroniazul (Hapalopsittaca fuertesi) en el departamento del Quíndio/cVerónica Díaz3 aBogotá:bProAves,c2006. a Año 2006, Nro 2, Diciembre, Pag. 113-123. aIncluye referencias bibliográficas (Pág. 123). aEl presenta estudio se llevo a cabo de septiembre de 2003 a junio de 2004 en una Vereda del departamento del Quindío, entre los 3.300 y 3.400 m.  4aCotorra CoroniazulxEcologíazQuindío 4aCotorra CoroniazulxConservación BiológicazQuindío0 dBogotá : Fundación ProAves, 2006-o038446tRevista Conservación Colombianax19001592